01393nam a22002897a 4500003000900000008004100009020001800050040007100068082001900139245009100158260003700249300002900286505039200315650002500707650003800732650003800770700004100808700002700849700003000876700002500906700003500931700002700966700002700993700002601020700002601046700003101072AR-CdUCM190325b ||||| |||| 00| 0 spa d a9789972887284 aMUNICIPALIDAD PROVINCIAL DEL CUSCOcBIBLIOTECA MUNICIPAL DEL CUSCO a370.985 / bE2 aLa educación en los tiempos del APRA : bbalance 2006-2009 / cRicardo Cuenca Pareja aLima : bForo educativo, c2009. a166 páginas ; c23 cm. aContenido: Reflexiones sobre el sentido y la forma de hacer políticas educativas a modo de introducción -- La política docente: balance del periodo -- El plan piloto de Municipalización de la gestión educativa: de las experimentación a la puesta en marcha -- El programa nacional de movilización por la alfabetización (Pronama): intenciones, triunfalismo y realidades ... aEducación - Perú aEducación (2006-2009.) - Perú aEducación - Análisis - Perú aCuenca Pareja, Ricardo (Coordinador) aAmes Ramello, Patricia aCórdova Ávila, Susana aGuerrero Ortiz, Luis aIguiñiz Echevarría, Manuel aMuñoz Cabrejo, Fanni aRivero Herrera, José aTovar Samanez, Teresa aTrapnell Forero, Lucy aZavala Cisneros, Viriginia